| 000 | 004490000a22001570004500 | ||
|---|---|---|---|
| 003 | MACL | ||
| 005 | 20170701132349.0 | ||
| 008 | 170701b xxu||||| |||| 00| 0 eng d | ||
| 040 | _cmacl | ||
| 100 |
_aशरद ओंकार , _941252 |
||
| 245 | _aअग्ि न युग | ||
| 260 |
_bअपराजिता पब्लिकेशन _c2008 |
||
| 350 | _a175 | ||
| 650 |
_aकहानी _967976 |
||
| 942 |
_cHIN _k891.433/SHA _2ddc |
||
| 999 |
_c41343 _d41343 |
||